Iz*One - Membres par photos - Statistiques

Statistiques générales
  • Ce quiz a été pris 23 fois
  • Le résultat moyen est 10 sur 12
Statistiques - réponses
Par images Réponse % Correct
Sakura
100%
Chaewon
94%
Wonyoung
88%
Yuri
88%
Chaeyeon
81%
Minju
81%
Yujin
81%
Eunbi
75%
Yena
75%
Hitomi
69%
Nako
69%
Hyewon
63%
Aucun quiz correspondant
Distribution des résultats
% des personnes avec chaque résultat
Percentile par nombre de réponses
Votre historique - résultats
Vous n’avez pas pris ce quiz